| 000 | 00370nam a2200145Ia 4500 | ||
|---|---|---|---|
| 008 | 230917s9999||||xx |||||||||||||| ||und|| | ||
| 040 |
_e10049 _aMAIN |
||
| 041 | _aEnglish | ||
| 082 | _a515.7 D224A | ||
| 100 | _aDaniel, James W | ||
| 245 | 0 | _aApproximate minimization of functional | |
| 260 |
_aNew Jersey _bPrentice-Hall _c1971 |
||
| 300 | _axi,228 p. | ||
| 942 | _cBK | ||
| 999 |
_c114917 _d114917 |
||